Countries Banned In Olympic Games - Statistics

General Stats
  • This quiz has been taken 159 times
    122 since last reset
  • The average score is 7 of 13
Answer Stats
Years Country % Correct
2018-current Russia
98%
1920-1924, 1948 Germany
85%
1948 Japan
69%
2000 Afghanistan
62%
2022-current Belarus
62%
1920 Austria
58%
1920 Turkey
52%
1992-2000 Yugoslavia
47%
1964-1992 South Africa
42%
2014 India
39%
1920 Bulgaria
27%
1964 Indonesia
25%
2015-2016 Kuwait
16%
No matching quizzes found
Score Distribution
Percent of People with Each Score
Percentile by Number Answered
Your Score History
You have not taken this quiz since the last reset